| 000 | 00686nam a2200229Ia 4500 | ||
|---|---|---|---|
| 003 | OSt | ||
| 005 | 20220925235417.0 | ||
| 006 | a|||||r|||| 00| 0 | ||
| 007 | ta | ||
| 008 | 220923b |||||||| |||| 00| 0 eng d | ||
| 037 | _cGeneral Book | ||
| 040 |
_aRTL _cRTL _beng |
||
| 041 |
_2eng _aeng |
||
| 082 | _aX9(XM).2.N76<N75r, L6/GD | ||
| 110 |
_aNATIONAL COOPERATIVE DEVELOPMENT CORPORATION _9262746 |
||
| 245 | 0 | _aAnnual report 1975-76. | |
| 260 |
_a New Delhi _bDCDC _c1976 |
||
| 300 |
_a191p. _ccm. |
||
| 700 |
_aNATIONAL COOPERATIVE DEVELOPMENT CORPORATION _9262747 |
||
| 942 |
_hX9(XM).2.N76<N75r, L6/GD _cGB _2CC |
||
| 999 |
_c597309 _d597309 |
||